Steel design 3 : connections / J.W.B. Stark. (Record no. 22355)

000 -LEADER
fixed length control field 00694nam a2200169 4500
020 ## - INTERNATIONAL STANDARD BOOK NUMBER
ISBN 9783433611616
082 ## - DEWEY DECIMAL CLASSIFICATION NUMBER
Classification number 624.1821
Item number St795 2021
100 ## - MAIN ENTRY--AUTHOR NAME
Personal name Stark, J.W.B., author.
245 ## - TITLE STATEMENT
Title Steel design 3 : connections / J.W.B. Stark.
260 ## - PUBLICATION, DISTRIBUTION, ETC. (IMPRINT)
Place of publication [Netherlands] :
Name of publisher Bouwen met Staal,
Year of publication 2021.
300 ## - PHYSICAL DESCRIPTION
Number of Pages 1 online resource, 1 volume (various paging) :
Other physical details illustrations (chiefly color).
490 ## - SERIES STATEMENT
Series statement Steel Design series
520 ## - SUMMARY, ETC.
Summary, etc The book covers the behaviour of connections in steel structures and the design of mechanical fasteners and welds according to EN 1993 (Eurocode 3).

650 ## - SUBJECT ADDED ENTRY--TOPICAL TERM
Topical Term Structural Steel
-- Specification
650 ## - SUBJECT ADDED ENTRY--TOPICAL TERM
Topical Term Structural Steel
-- Building
942 ## - ADDED ENTRY ELEMENTS (KOHA)
Koha item type Electronic Books
Holdings
Source of acquisition Permanent Location Date acquired Collection code Koha item type Lost status Shelving location Withdrawn status Current Location Full call number
DonationCagayan State University - Carig Library2026-04-15E-BooksElectronic Books E-Resource Section Cagayan State University - Carig Library624.1821 St795 2021

Cagayan State University University Library, Carig Campus
Tuguegarao City, Cagayan 3500 | www.csucarig.edu.ph

Powered by Koha